Conveyor and elevator textile belting-specification. Part 5. Fire resistant belting for surface application (Record no. 73607)

MARC details
000 -LEADER
fixed length control field 00553nam a2200157Ia 4500
245 #0 - TITLE STATEMENT
Title Conveyor and elevator textile belting-specification. Part 5. Fire resistant belting for surface application
260 ## - PUBLICATION, DISTRIBUTION, ETC. (IMPRINT)
Place of publication New Delhi
260 ## - PUBLICATION, DISTRIBUTION, ETC. (IMPRINT)
Year of publication 1993
Name of publisher Bureau of Indian Standards
490 ## - SERIES STATEMENT
Series statement Pulleys and Belts Sectional Committee, LM 09
500 ## - GENERAL NOTE
General note Standard number: IS 1891 Part V
650 ## - SUBJECT ADDED ENTRY--TOPICAL TERM
Topical Term Fire resistant belt
650 ## - SUBJECT ADDED ENTRY--TOPICAL TERM
Topical Term Rubber conveyor belt
650 ## - SUBJECT ADDED ENTRY--TOPICAL TERM
Topical Term Rubber elevator textile belt
942 ## - ADDED ENTRY ELEMENTS (KOHA)
Koha item type Standards
Holdings
Withdrawn status Lost status Damaged status Not for loan Home library Current library Date acquired Koha item type
      Standards RRII Library RRII Library 31/12/2021 Standards